| 000 | 00577nam a2200193 4500 | ||
|---|---|---|---|
| 001 | 117903 | ||
| 003 | ES-MaACL | ||
| 005 | 20250728180145.0 | ||
| 007 | t| | ||
| 008 | 070214s1968 sp r ||||1| cat d | ||
| 100 | 1 |
_aPappenheim, Fritz. _988887 |
|
| 245 | 1 | 2 |
_aL'alienació de l'home modern / _cFritz Pappenheim ; versió catalana de Lluis Soláa. |
| 250 | _a1ª ed. | ||
| 260 |
_aBarcelona : _bNova Terra, _c1968. |
||
| 300 |
_a190 p. ; _c17 cm. |
||
| 700 | 1 |
_aSolà i Dachs, Lluís, _d1932- _9107045 |
|
| 852 |
_aES-MaACL _jC-36673 _bR.65969 |
||
| 999 |
_c117903 _d117903 |
||